00398nam a2200121Ia 45000010005000000080041000050820026000461000063000722450069001352600028002049010027002329990017002594532241024s9999 xx 000 0 und d a[*SIN CLASIFICACION*] aRepública Dominicana: Ministerio de Educación (MINERD) 0aManual de Organización de Centros Educativos Jornada Extendida b[*SIN EDITORIAL*]c2012 a4/11/2016 1:37:52 p.m. c11488d11488